[Event "BL 9192 Bielefeld-FTG Frankfurt"]
[Site "?"]
[Date "1992.??.??"]
[Round "?.5"]
[White "Heyken, E."]
[Black "Geveke, M."]
[Result "1-0"]
[WhiteElo "2420"]
[BlackElo "2330"]
[PlyCount "69"]
[EventDate "1992.??.??"]

1. e4 e6 2. d4 d5 3. e5 c5 4. Nf3 Nc6 5. Bd3 cxd4 6. O-O Nge7 7. Bf4 Ng6 8. Bg3
Be7 9. Nbd2 O-O 10. Nb3 Re8 11. Re1 Qb6 12. h4 Nb4 13. Bf1 d3 14. cxd3 Bd7 15.
h5 Nf8 16. a3 Nc6 17. d4 a5 18. Rc1 Rec8 19. h6 g6 20. Bh4 Bxh4 21. Nxh4 Qd8
22. Nf3 b6 23. Qd3 Na7 24. Qe3 Bb5 25. Qf4 Bxf1 26. Rxf1 Nd7 27. Nh2 Rxc1 28.
Rxc1 Rc8 29. Rxc8 Nxc8 30. Ng4 Qf8 31. Nd2 Ne7 32. Nf3 Nf5 33. Qc1 Qd8 34. Qc6
Ne7 35. Qxd7 1-0

[Event "BL 9192 Bielefeld-FTG Frankfurt"]
[Site "?"]
[Date "1992.??.??"]
[Round "?.6"]
[White "Pohl Kuemmel, J."]
[Black "Werner, D."]
[Result "1-0"]
[WhiteElo "2245"]
[BlackElo "2385"]
[PlyCount "57"]
[EventDate "1992.??.??"]

1. d4 Nf6 2. c4 g6 3. Nc3 Bg7 4. e4 O-O 5. Be3 d6 6. f3 e5 7. d5 Nh5 8. Qd2 f5
9. exf5 gxf5 10. O-O-O Nd7 11. Bd3 Nc5 12. Bc2 a6 13. Nge2 b5 14. cxb5 axb5 15.
Nxb5 Rxa2 16. Kb1 Ra6 17. Nec3 Bd7 18. Bxc5 dxc5 19. d6 Bxb5 20. Nxb5 cxd6 21.
Nxd6 Qb8 22. Qd5+ Kh8 23. Nf7+ Rxf7 24. Qxf7 e4 25. Bb3 Rb6 26. Kc2 c4 27. Qxc4
Nf4 28. Rd7 Nd3 29. Rc7 1-0

[Event "BL 9192 Bielefeld-FTG Frankfurt"]
[Site "?"]
[Date "1992.??.??"]
[Round "?.7"]
[White "Degenhardt, H."]
[Black "Meier, V."]
[Result "1/2-1/2"]
[WhiteElo "2305"]
[BlackElo "2295"]
[PlyCount "47"]
[EventDate "1992.??.??"]

1. Nf3 c5 2. e4 e6 3. Nc3 a6 4. b3 Nc6 5. Bb2 Qc7 6. g3 Nf6 7. Bg2 Be7 8. O-O
O-O 9. Re1 d6 10. d4 cxd4 11. Nxd4 Bd7 12. Nce2 Rfe8 13. c4 Rad8 14. Rc1 Qb8
15. a3 Na7 16. b4 Rc8 17. Qb3 b5 18. cxb5 axb5 19. h3 Bf8 20. Nc3 Rc7 21. Rcd1
Rec8 22. Kh2 Be8 23. f4 Nd7 24. Bf1 1/2-1/2

[Event "BL 9192 Bielefeld-FTG Frankfurt"]
[Site "?"]
[Date "1992.??.??"]
[Round "?.8"]
[White "Beilfuss, W."]
[Black "Staller, P."]
[Result "1/2-1/2"]
[WhiteElo "2220"]
[BlackElo "2360"]
[PlyCount "50"]
[EventDate "1992.??.??"]

1. d4 Nf6 2. c4 e6 3. Nc3 Bb4 4. Bd2 O-O 5. a3 Bxc3 6. Bxc3 Ne4 7. Qc2 f5 8. g3
d6 9. Bg2 Nxc3 10. Qxc3 Qe7 11. Nf3 Nd7 12. O-O e5 13. dxe5 dxe5 14. Rfd1 c5
15. b4 e4 16. Nd2 b6 17. Nf1 Bb7 18. Ne3 g6 19. Nd5 Bxd5 20. Rxd5 Nf6 21. Rd2
Rae8 22. e3 Nd7 23. Rd5 Nf6 24. Rd2 Nd7 25. Rd5 Nf6 1/2-1/2

[Event "BL 9192 Bochum-Sindelfingen"]
[Site "?"]
[Date "1992.??.??"]
[Round "?.1"]
[White "Rajkovic, D."]
[Black "Dokhoian, Y."]
[Result "1/2-1/2"]
[WhiteElo "2470"]
[BlackElo "2545"]
[PlyCount "135"]
[EventDate "1992.??.??"]

1. d4 e6 2. c4 d5 3. Nc3 c6 4. Nf3 Nf6 5. cxd5 exd5 6. Qc2 Na6 7. Bg5 Be7 8. a3
Nc7 9. e3 Ne6 10. Bh4 g6 11. Bd3 Ng7 12. O-O O-O 13. b4 a6 14. Bxf6 Bxf6 15. a4
Qd6 16. b5 axb5 17. axb5 Bf5 18. Bxf5 Nxf5 19. bxc6 bxc6 20. Na4 Ne7 21. Nc5
Qc7 22. Rfb1 Ra7 23. Rxa7 Qxa7 24. g3 Rb8 25. Rxb8+ Qxb8 26. Qa4 Kg7 27. Kg2 h5
28. h3 Qc7 29. Ne1 Nf5 30. Na6 Qd6 31. Qb4 Qe6 32. Nc5 Qd6 33. Qd2 Bg5 34. Nc2
Bd8 35. Qe2 Bb6 36. Nd3 Bc7 37. Qf3 h4 38. Nf4 hxg3 39. fxg3 Qe7 40. Kf2 Nd6
41. Kg2 Ne4 42. h4 Ba5 43. Kh2 Nd2 44. Qg2 Nc4 45. Qf3 Nd6 46. Qg2 Qf6 47. Ne1
Nc4 48. Qe2 Bd2 49. Neg2 Qe7 50. h5 g5 51. Nd3 Bxe3 52. Nxe3 Qxe3 53. Qxe3 Nxe3
54. Ne5 f6 55. Nxc6 Kh6 56. Kg1 Kxh5 57. Kf2 Nf5 58. Kg2 Kg6 59. g4 Nh4+ 60.
Kf2 Kf7 61. Nb4 Ke6 62. Nd3 f5 63. Kg3 Kf6 64. gxf5 Nxf5+ 65. Kg4 Ne3+ 66. Kf3
Nc2 67. Kg4 Nxd4 68. Nb4 1/2-1/2

[Event "BL 9192 Bochum-Sindelfingen"]
[Site "?"]
[Date "1992.??.??"]
[Round "?.2"]
[White "Glek, I."]
[Black "Luther, T."]
[Result "1/2-1/2"]
[WhiteElo "2515"]
[BlackElo "2490"]
[PlyCount "49"]
[EventDate "1992.??.??"]

1. d4 e6 2. c4 Nf6 3. Nf3 d5 4. Nc3 Bb4 5. Bg5 Nbd7 6. cxd5 exd5 7. e3 c5 8.
Bd3 Qa5 9. Qc2 c4 10. Bf5 O-O 11. O-O Re8 12. Nd2 g6 13. Bxd7 Nxd7 14. Rae1 Nb6
15. f3 Bd7 16. Bh4 Bxc3 17. bxc3 Na4 18. Nb1 f5 19. e4 dxe4 20. fxe4 fxe4 21.
Bf6 e3 22. Be5 Rf8 23. Qe4 Bc6 24. Qxe3 Qd5 25. Qh3 1/2-1/2

[Event "BL 9192 Bochum-Sindelfingen"]
[Site "?"]
[Date "1992.??.??"]
[Round "?.3"]
[White "Fahnenschmidt, G."]
[Black "Schulz, KJ."]
[Result "0-1"]
[WhiteElo "2375"]
[BlackElo "2400"]
[PlyCount "62"]
[EventDate "1992.??.??"]

1. c4 f5 2. Nf3 Nf6 3. g3 d6 4. d4 g6 5. Bg2 Bg7 6. O-O O-O 7. Nc3 c6 8. Rb1
Kh8 9. b4 Qc7 10. c5 Be6 11. Bb2 Bg8 12. Qc2 Nbd7 13. a3 Rae8 14. e3 dxc5 15.
bxc5 e5 16. Nxe5 Nxe5 17. dxe5 Ng4 18. Ne2 Nxe5 19. Bxe5 Rxe5 20. Qa4 a6 21.
Rfc1 Be6 22. Nd4 Bc8 23. Nb3 g5 24. Rc4 Re7 25. Rb4 f4 26. exf4 Ref7 27. fxg5
Rxf2 28. Rf1 Rxf1+ 29. Bxf1 Qe5 30. Re4 Qb2 31. Re2 Bh3 0-1

[Event "BL 9192 Bochum-Sindelfingen"]
[Site "?"]
[Date "1992.??.??"]
[Round "?.4"]
[White "Backwinkel, P."]
[Black "Marinkovic, I."]
[Result "1-0"]
[WhiteElo "2400"]
[BlackElo "2485"]
[PlyCount "37"]
[EventDate "1992.??.??"]

1. d4 Nf6 2. Nf3 c5 3. c3 e6 4. Bg5 cxd4 5. cxd4 Qa5+ 6. Bd2 Qb6 7. Nc3 Nc6 8.
e3 d5 9. a3 Bd6 10. b4 O-O 11. Be2 Qd8 12. Qb1 e5 13. dxe5 Nxe5 14. Nb5 Nxf3+
15. Bxf3 Be5 16. Nd4 Ng4 17. Bxg4 Bxg4 18. h3 Bxd4 19. hxg4 1-0

[Event "BL 9192 Bochum-Sindelfingen"]
[Site "?"]
[Date "1992.??.??"]
[Round "?.6"]
[White "Sonntag, H."]
[Black "Gerstner, W."]
[Result "1/2-1/2"]
[WhiteElo "2410"]
[BlackElo "2405"]
[PlyCount "121"]
[EventDate "1992.??.??"]

1. e4 c5 2. Nf3 e6 3. d4 cxd4 4. Nxd4 a6 5. Nc3 Qc7 6. Bd3 Nc6 7. Nb3 b5 8. a4
b4 9. Ne2 Nf6 10. f4 d6 11. h3 Bb7 12. Be3 Na5 13. Nd2 Rd8 14. O-O d5 15. e5
Nc4 16. Bd4 Ne4 17. Bxe4 dxe4 18. Nxc4 Qxc4 19. c3 Bc5 20. Qd2 bxc3 21. bxc3
O-O 22. Rfd1 Bc6 23. Qa2 Qxa2 24. Rxa2 Be7 25. Kf2 Rb8 26. Ke3 f5 27. exf6 gxf6
28. a5 Rb5 29. Bb6 Bd5 30. Rad2 Rxb6 31. Rxd5 exd5 32. axb6 Bc5+ 33. Kd2 Bxb6
34. Kc2 Rd8 35. Rb1 Rd6 36. Ng3 Kf7 37. Ra1 Bc7 38. Ne2 f5 39. g4 Rg6 40. g5
Rb6 41. Rf1 Kg6 42. Ng3 Rc6 43. h4 d4 44. h5+ Kf7 45. Nxf5 Rxc3+ 46. Kb2 Rh3
47. Nxd4 Rxh5 48. Rc1 Rh2+ 49. Kb1 Bb6 50. Nf5 Ke6 51. Ng3 Bd4 52. Rd1 Kd5 53.
Nf5 Rb2+ 54. Kc1 Rb4 55. Kc2 Rb2+ 56. Kc1 Rb4 57. Kc2 a5 58. Nxd4 Rxd4 59. Rh1
Rc4+ 60. Kd2 Rc7 61. Ra1 1/2-1/2

[Event "BL 9192 Bochum-Sindelfingen"]
[Site "?"]
[Date "1992.??.??"]
[Round "?.7"]
[White "Franke, H."]
[Black "Von Gleich, A."]
[Result "1/2-1/2"]
[WhiteElo "2380"]
[BlackElo "2325"]
[PlyCount "88"]
[EventDate "1992.??.??"]

1. d4 Nf6 2. Nf3 d6 3. c4 g6 4. Nc3 Bg7 5. e4 O-O 6. h3 Na6 7. Be3 e5 8. d5 Nh5
9. Nd2 Qe8 10. Be2 Nf4 11. Bf3 Nd3+ 12. Kf1 f5 13. Ndb1 Nxb2 14. Qe2 Na4 15.
Nxa4 Qxa4 16. Nc3 Qe8 17. Nb5 b6 18. Kg1 Qe7 19. a4 Bf6 20. a5 Bg5 21. Kh2 Bxe3
22. Qxe3 Bb7 23. Ra3 Nc5 24. Rha1 fxe4 25. Bxe4 Nxe4 26. Qxe4 a6 27. Nc3 Rxf2
28. Qe3 Raf8 29. Ne4 R2f4 30. Rb1 Qh4 31. g3 Rxe4 32. gxh4 Rxe3 33. Rxe3 Rf2+
34. Kg3 Rc2 35. axb6 Rxc4 36. bxc7 Rxc7 37. Rb6 Rd7 38. Rd3 Kf7 39. Kf3 Ke7 40.
Ke4 Rc7 41. Rbb3 Rc4+ 42. Ke3 Rc7 43. Ke4 Rc4+ 44. Ke3 Rc7 1/2-1/2

[Event "BL 9192 Bochum-Sindelfingen"]
[Site "?"]
[Date "1992.??.??"]
[Round "?.8"]
[White "Bakalarz, M."]
[Black "Werner, Marc"]
[Result "0-1"]
[WhiteElo "2260"]
[BlackElo "2335"]
[PlyCount "110"]
[EventDate "1992.??.??"]

1. d4 g6 2. c4 Bg7 3. Nc3 d6 4. e4 Nc6 5. d5 Nd4 6. Nge2 c5 7. Be3 Qb6 8. Na4
Qa5+ 9. Bd2 Qa6 10. Nxd4 Bxd4 11. Nc3 Bd7 12. Bd3 Nf6 13. O-O O-O 14. h3 Nh5
15. Kh2 e5 16. dxe6 fxe6 17. f4 Qb6 18. Ne2 Bg7 19. g4 Nf6 20. Bc3 Ne8 21. Qd2
Qc7 22. Ng3 Rd8 23. Bxg7 Nxg7 24. Qc3 b5 25. cxb5 d5 26. Rac1 c4 27. e5 Rfe8
28. Qd4 Qb6 29. Qxb6 axb6 30. Bb1 Bxb5 31. Rfd1 Rf8 32. Rd4 Bc6 33. a3 b5 34.
Ne2 Rb8 35. Rd2 Bd7 36. Kg3 b4 37. axb4 Rxb4 38. Nd4 Rfb8 39. f5 gxf5 40. gxf5
exf5 41. e6 Nxe6 42. Nxf5 Rb3+ 43. Kh2 Nf4 44. Rf1 Rxb2 45. Rxb2 Rxb2+ 46. Kg3
Ne2+ 47. Kh4 Bxf5 48. Bxf5 c3 49. Kg5 Kg7 50. Ra1 h6+ 51. Kh5 Ng3+ 52. Kg4 Nxf5
53. Kxf5 Re2 54. Ra7+ Kf8 55. Rc7 c2 0-1

[Event "BL 9192 Empor Berlin-Dortmund"]
[Site "?"]
[Date "1992.??.??"]
[Round "?.1"]
[White "Dolmatov, S."]
[Black "Chekhov, V."]
[Result "1-0"]
[WhiteElo "2595"]
[BlackElo "2550"]
[PlyCount "63"]
[EventDate "1992.??.??"]

1. e4 c5 2. Nf3 Nc6 3. d4 cxd4 4. Nxd4 Nf6 5. Nc3 e5 6. Ndb5 d6 7. Bg5 a6 8.
Na3 b5 9. Bxf6 gxf6 10. Nd5 f5 11. Bd3 Be6 12. O-O Bxd5 13. exd5 Ne7 14. c3 Bg7
15. Qh5 Qd7 16. Rad1 Rc8 17. Nc2 Rc5 18. Ne3 e4 19. Bb1 O-O 20. g3 b4 21. cxb4
Rb5 22. a3 Bxb2 23. Kh1 Rc8 24. f3 Rc3 25. fxe4 Rxa3 26. Nxf5 Nxf5 27. e5 Nxg3+
28. hxg3 Bxe5 29. Qxh7+ Kf8 30. Rc1 Rb7 31. Bf5 Qb5 32. Be6 1-0

[Event "BL 9192 Empor Berlin-Dortmund"]
[Site "?"]
[Date "1992.??.??"]
[Round "?.3"]
[White "Schmittdiel, E."]
[Black "Volke, K."]
[Result "1/2-1/2"]
[WhiteElo "2485"]
[BlackElo "2440"]
[PlyCount "93"]
[EventDate "1992.??.??"]

1. e4 c5 2. c3 g6 3. d4 cxd4 4. cxd4 d5 5. exd5 Nf6 6. Nc3 Nxd5 7. Bc4 Nb6 8.
Bb3 Bg7 9. Nf3 O-O 10. O-O Nc6 11. Bg5 h6 12. Be3 Na5 13. Bc2 Nac4 14. Qe2 Bg4
15. Be4 Nxe3 16. fxe3 Qd7 17. h3 Bxf3 18. Qxf3 Nc4 19. Rf2 Nd6 20. Bd5 e6 21.
Bb3 a5 22. a4 Ra6 23. Rd1 Rb6 24. Ba2 Rb4 25. Rd3 Kh7 26. Rfd2 Qe7 27. e4 Qh4
28. e5 Nf5 29. g4 Ne7 30. Rf2 Nc6 31. Qd1 f6 32. Bxe6 fxe5 33. Rxf8 Bxf8 34.
Qf1 Bg7 35. Bf7 Nxd4 36. Bxg6+ Kh8 37. Ne2 Qf6 38. Nxd4 Rxd4 39. Rxd4 Qxf1+ 40.
Kxf1 exd4 41. b3 Bf6 42. Ke2 Kg7 43. Be4 b6 44. Kd3 h5 45. gxh5 Kh6 46. Bf3 Be7
47. Kxd4 1/2-1/2

[Event "BL 9192 Empor Berlin-Dortmund"]
[Site "?"]
[Date "1992.??.??"]
[Round "?.4"]
[White "Poldauf, D."]
[Black "Mainka, R."]
[Result "0-1"]
[WhiteElo "2360"]
[BlackElo "2455"]
[PlyCount "94"]
[EventDate "1992.??.??"]

1. c4 e5 2. Nc3 Bb4 3. Nd5 Be7 4. Nf3 d6 5. e3 f5 6. Be2 Nf6 7. Nxe7 Qxe7 8.
O-O c5 9. d4 O-O 10. dxe5 dxe5 11. b3 Nc6 12. Bb2 b6 13. Qc2 e4 14. Ng5 f4 15.
Bxf6 gxf6 16. Qxe4 fxg5 17. Qxc6 Bb7 18. Qh6 fxe3 19. f4 gxf4 20. Rxf4 Rxf4 21.
Qxf4 Rf8 22. Qg3+ Kh8 23. Re1 Rg8 24. Bg4 Qf6 25. Rf1 Qd4 26. Rf4 Qe5 27. Rf8
Qa1+ 28. Rf1 Qd4 29. Rf4 Qe5 30. Rf8 Qxg3 31. Rxg8+ Kxg8 32. hxg3 Be4 33. Kf1
Bb1 34. Bd1 Bxa2 35. Ke2 Kg7 36. Kxe3 Bb1 37. Kf4 Kf6 38. g4 h6 39. g3 a5 40.
Ke3 Ke5 41. Kf3 Bg6 42. Ke3 Be4 43. Kd2 Kd4 44. Be2 Bc6 45. Bd1 Bd7 46. Bf3 a4
47. bxa4 Bxa4 0-1

[Event "BL 9192 Empor Berlin-Dortmund"]
[Site "?"]
[Date "1992.??.??"]
[Round "?.5"]
[White "Keitlinghaus, L."]
[Black "Stern, R."]
[Result "1/2-1/2"]
[WhiteElo "2440"]
[BlackElo "2395"]
[PlyCount "100"]
[EventDate "1992.??.??"]

1. e4 e5 2. Nf3 Nc6 3. Bb5 a6 4. Bxc6 dxc6 5. d4 exd4 6. Qxd4 Qxd4 7. Nxd4 Bd7
8. Be3 O-O-O 9. Nd2 c5 10. Ne2 b6 11. O-O-O Ne7 12. f3 f5 13. Ng3 fxe4 14.
Ndxe4 h6 15. Rhe1 Nc6 16. Nh5 Be8 17. Nf4 Bf7 18. Rxd8+ Nxd8 19. Bd2 Nc6 20.
Bc3 Nb4 21. Bxb4 cxb4 22. Nd3 a5 23. Ne5 Be8 24. f4 Be7 25. g3 Rf8 26. h4 a4
27. Kd2 a3 28. b3 h5 29. Ke3 Bf6 30. Nd3 c5 31. Ne5 Kc7 32. Ng5 Bd7 33. Rd1 Bf5
34. Rd2 Rd8 35. Rxd8 Kxd8 36. Ne4 Bxe5 37. fxe5 Ke7 38. Kf4 g6 39. c4 bxc3 40.
Nxc3 Ke6 41. Na4 Bc2 42. Nc3 Bd3 43. Na4 Bc2 44. Nc3 Bxb3 45. axb3 b5 46. Na2
b4 47. Nc1 Kd5 48. Na2 Ke6 49. Nc1 Kd5 50. Na2 Ke6 1/2-1/2

[Event "BL 9192 Empor Berlin-Dortmund"]
[Site "?"]
[Date "1992.??.??"]
[Round "?.6"]
[White "Rosenthal, D."]
[Black "Thesing, M."]
[Result "1-0"]
[WhiteElo "2350"]
[BlackElo "2415"]
[PlyCount "87"]
[EventDate "1992.??.??"]

1. e4 c5 2. Nf3 e6 3. c3 Nf6 4. e5 Nd5 5. d4 cxd4 6. cxd4 b6 7. Bd3 Bb4+ 8. Bd2
Bxd2+ 9. Qxd2 Ba6 10. Bxa6 Nxa6 11. Nc3 Nac7 12. Ne4 O-O 13. O-O f5 14. Nd6 Ne8
15. Nc4 f4 16. Qd3 g5 17. g4 fxg3 18. hxg3 Ng7 19. Kg2 g4 20. Nfd2 Nf5 21. Rh1
Qg5 22. Nd6 h5 23. N2e4 Qg6 24. Qd2 Nxd6 25. Nxd6 Rf3 26. Rac1 Raf8 27. Rc8
Rxc8 28. Nxc8 Rd3 29. Qe2 Rxd4 30. Nxa7 Qf5 31. Re1 h4 32. Nb5 h3+ 33. Kh2 Rd3
34. Nd6 Qf3 35. Qxf3 gxf3 36. Ne4 Nb4 37. Kxh3 Nc6 38. Nf6+ Kf7 39. Kg4 Nxe5+
40. Rxe5 Kxf6 41. Rb5 d5 42. Rxb6 Ke5 43. Rb4 Kd6 44. Rb3 1-0

[Event "BL 9192 Empor Berlin-Dortmund"]
[Site "?"]
[Date "1992.??.??"]
[Round "?.7"]
[White "Buecker, S."]
[Black "Schoene, R."]
[Result "1-0"]
[WhiteElo "2365"]
[BlackElo "2340"]
[PlyCount "55"]
[EventDate "1992.??.??"]

1. e4 e5 2. Nf3 Nc6 3. Be2 Nge7 4. O-O Ng6 5. c3 d6 6. d4 Be7 7. Na3 O-O 8. Be3
Kh8 9. Qb3 Nf4 10. Bxf4 exf4 11. Bd3 a6 12. Nc4 b5 13. Ncd2 Na5 14. Qd1 Bg4 15.
b4 Nc6 16. a4 Na7 17. Qc2 c5 18. axb5 axb5 19. Ra5 c4 20. Bxc4 bxc4 21. Rfa1
Bxf3 22. Nxf3 Qd7 23. Qa2 d5 24. Ne5 Qd6 25. exd5 Bd8 26. Rxa7 Rxa7 27. Qxa7
Qf6 28. Nd7 1-0

[Event "BL 9192 Empor Berlin-Dortmund"]
[Site "?"]
[Date "1992.??.??"]
[Round "?.8"]
[White "Thinius, M."]
[Black "Stein, B."]
[Result "0-1"]
[WhiteElo "2365"]
[BlackElo "2355"]
[PlyCount "102"]
[EventDate "1992.??.??"]

1. d4 Nf6 2. c4 e6 3. Nf3 c5 4. d5 exd5 5. cxd5 d6 6. Nc3 g6 7. g3 Bg7 8. Bg2
O-O 9. O-O Re8 10. Nd2 a6 11. a4 Nbd7 12. Qb3 Rb8 13. Nc4 Ne5 14. Nb6 Nfd7 15.
Nxc8 Qxc8 16. h3 c4 17. Qa2 f5 18. a5 Nc5 19. f4 Nb3 20. fxe5 Nxa1 21. Qxa1
Bxe5 22. Qa3 b5 23. axb6 Rxb6 24. Bf4 Rb3 25. Qa4 Rxb2 26. Bxe5 Rxe5 27. Qc6
Qd8 28. Qxc4 Rc2 29. Qd4 Qc7 30. Rf3 a5 31. Bf1 a4 32. Nb5 Qc5 33. Qxc5 Rxc5
34. e4 fxe4 35. Re3 Rc1 36. Kg2 Rc2+ 37. Kg1 Rc1 38. Kg2 Rxd5 39. Rxe4 Rd2+ 40.
Kg1 Rdd1 41. Rf4 g5 42. Rf3 d5 43. g4 d4 44. Kg2 Rc5 45. Nd6 Rc2+ 46. Kg1 Rcc1
47. Nf5 a3 48. Nh6+ Kh8 49. Rxa3 Rxf1+ 50. Kg2 Rfd1 51. Ra7 Rc3 0-1

[Event "BL 9192 Buna Halle-Solingen"]
[Site "?"]
[Date "1992.??.??"]
[Round "?.1"]
[White "Chandler, M."]
[Black "Malich, B."]
[Result "1-0"]
[WhiteElo "2590"]
[BlackElo "2435"]
[PlyCount "55"]
[EventDate "1992.??.??"]

1. e4 e6 2. d4 d5 3. Nc3 dxe4 4. Nxe4 Bd7 5. Nf3 Bc6 6. Bd3 Bxe4 7. Bxe4 c6 8.
c3 Nf6 9. Bc2 Bd6 10. O-O Nbd7 11. Re1 Qc7 12. Qe2 O-O 13. Bg5 Rfe8 14. Ne5 c5
15. Rad1 cxd4 16. cxd4 Bb4 17. Rf1 Qa5 18. Bb3 h6 19. Bh4 Bf8 20. f4 g6 21. Qf3
Qc7 22. f5 gxf5 23. Qg3+ Ng4 24. h3 Ndxe5 25. hxg4 Bd6 26. dxe5 Bxe5 27. Qf3 f4
28. Qe4 1-0

[Event "BL 9192 Buna Halle-Solingen"]
[Site "?"]
[Date "1992.??.??"]
[Round "?.2"]
[White "Lechtinsky, J."]
[Black "Lau, R."]
[Result "1/2-1/2"]
[WhiteElo "2410"]
[BlackElo "2480"]
[PlyCount "130"]
[EventDate "1992.??.??"]

1. Nf3 g6 2. d4 Bg7 3. c4 d6 4. Nc3 e5 5. dxe5 dxe5 6. Qxd8+ Kxd8 7. Be3 h6 8.
O-O-O+ Bd7 9. g4 Kc8 10. Rg1 Be6 11. b3 Nd7 12. h3 Ne7 13. Nd2 Re8 14. Nde4 Nc6
15. Bg2 Bf8 16. Nd5 f5 17. Ndf6 Nxf6 18. Nxf6 Ba3+ 19. Kb1 Rf8 20. gxf5 Bxf5+
21. Ne4 Nd4 22. Bxh6 Nxe2 23. Bxf8 Bxf8 24. Rge1 Nc3+ 25. Kb2 Nxd1+ 26. Rxd1 a5
27. Ng3 Be6 28. Be4 Ra6 29. Bxg6 Bxc4 30. Bf5+ Be6 31. Bxe6+ Rxe6 32. Ne4 Rh6
33. Kc2 Rh4 34. Ng5 Rf4 35. Rd2 Be7 36. h4 Rxh4 37. Nf3 Rh5 38. Kd3 Rf5 39. Ke2
c6 40. Rc2 Kc7 41. Nd2 b5 42. Ne4 Bb4 43. Rc1 Rf4 44. Ke3 Kb6 45. Kd3 Rh4 46.
Rc2 Rh1 47. Nf6 Re1 48. Re2 Kc5 49. Ne4+ Kd5 50. Rxe1 Bxe1 51. a4 Bb4 52. Nf6+
Ke6 53. Ne4 bxa4 54. bxa4 Be7 55. f3 Kd5 56. Nd2 Bd8 57. Nc4 Bc7 58. Ne3+ Kc5
59. Kc3 Bd8 60. Nc4 Kd5 61. Kd3 Bc7 62. Ne3+ Kd6 63. Nc4+ Kc5 64. Kc3 Bd8 65.
Kd3 Bc7 1/2-1/2

[Event "BL 9192 Buna Halle-Solingen"]
[Site "?"]
[Date "1992.??.??"]
[Round "?.4"]
[White "Schoeneberg, M."]
[Black "Reeh, O."]
[Result "0-1"]
[WhiteElo "2335"]
[BlackElo "2445"]
[PlyCount "77"]
[EventDate "1992.??.??"]

1. e4 c5 2. Nf3 Nc6 3. Bb5 g6 4. O-O Bg7 5. c3 Nf6 6. e5 Nd5 7. d4 Nc7 8. a4
O-O 9. Re1 cxd4 10. cxd4 d6 11. Bxc6 bxc6 12. Qc2 Qd7 13. Nc3 Ne6 14. Be3 d5
15. b4 Bb7 16. Qd2 a5 17. bxa5 Rfc8 18. Rab1 Rxa5 19. Rb6 Raa8 20. Qb2 Ba6 21.
Qb4 Bf8 22. a5 Ra7 23. Na4 Bb5 24. Rxb5 cxb5 25. Nb6 Rc4 26. Nxc4 bxc4 27. Rb1
Nd8 28. Qa3 e6 29. Qa2 Nc6 30. Bd2 Ra6 31. h4 h5 32. Qa4 Qa7 33. Bc3 Be7 34.
Qb5 Bd8 35. Ng5 Kg7 36. Qb7 Qxb7 37. Rxb7 Bxg5 38. hxg5 Nxa5 39. Bb4 0-1

[Event "BL 9192 Buna Halle-Solingen"]
[Site "?"]
[Date "1992.??.??"]
[Round "?.5"]
[White "Podzielny, K."]
[Black "Trapl, J."]
[Result "0-1"]
[WhiteElo "2450"]
[BlackElo "2385"]
[PlyCount "86"]
[EventDate "1992.??.??"]

1. Nf3 d6 2. d4 Bg4 3. c4 Nf6 4. Nc3 c6 5. e3 Nbd7 6. Be2 e5 7. h3 Bh5 8. d5
Be7 9. Nd2 Bxe2 10. Qxe2 O-O 11. e4 Qa5 12. O-O Qa6 13. b4 cxd5 14. exd5 Qb6
15. Rb1 Rfc8 16. a4 Qd8 17. a5 a6 18. Ba3 b6 19. axb6 Nxb6 20. Rfc1 Nfd7 21.
Nce4 Nf6 22. Nxf6+ Bxf6 23. Nb3 Bg5 24. Rc2 Qc7 25. Rd1 f5 26. c5 Nd7 27. Qh5
h6 28. Qg6 Kh8 29. c6 Rf8 30. Na5 Rf6 31. Qh5 Nf8 32. Qe2 Ng6 33. g3 f4 34. h4
fxg3 35. fxg3 Bxh4 36. gxh4 Raf8 37. Qe3 Nf4 38. Nc4 Qf7 39. Rh2 Qg6+ 40. Kh1
Nxd5 41. Qe2 Nc3 42. h5 Qe8 43. Qg4 Nxd1 0-1

[Event "BL 9192 Buna Halle-Solingen"]
[Site "?"]
[Date "1992.??.??"]
[Round "?.6"]
[White "Liebert, H."]
[Black "Schaefer, Ma"]
[Result "0-1"]
[WhiteElo "2395"]
[BlackElo "2430"]
[PlyCount "82"]
[EventDate "1992.??.??"]

1. c4 Nf6 2. Nf3 g6 3. Nc3 Bg7 4. g3 O-O 5. Bg2 d6 6. O-O e5 7. d4 Nbd7 8. b3
Re8 9. Qc2 c6 10. Rd1 Qe7 11. e3 exd4 12. Nxd4 Nc5 13. h3 a5 14. Kh2 h5 15. Ba3
h4 16. g4 Qe5+ 17. Kg1 Bxg4 18. hxg4 Nxg4 19. Qe2 f5 20. Qf3 Bh6 21. e4 Nxe4
22. Nxe4 Qh2+ 23. Kf1 Rxe4 24. Qh3 Qxh3 25. Bxh3 Nxf2 26. Bg2 Nxd1 27. Rxd1
Ree8 28. Nf3 Bf8 29. Nxh4 Kf7 30. Nf3 Be7 31. Bxd6 Rad8 32. c5 Bxd6 33. cxd6
Kf6 34. Rd4 Re6 35. Ra4 Rdxd6 36. Rxa5 g5 37. Ra7 g4 38. Rxb7 Rd1+ 39. Kf2 gxf3
40. Kxf3 Rd3+ 41. Kf4 Re2 0-1

[Event "BL 9192 Buna Halle-Solingen"]
[Site "?"]
[Date "1992.??.??"]
[Round "?.7"]
[White "Zysk, R."]
[Black "Dietze, W."]
[Result "1-0"]
[WhiteElo "2390"]
[BlackElo "2290"]
[PlyCount "81"]
[EventDate "1992.??.??"]

1. d4 d5 2. Nf3 e6 3. Bg5 Be7 4. Bxe7 Qxe7 5. Nbd2 Nf6 6. e3 Nbd7 7. Be2 e5 8.
O-O O-O 9. c4 Rd8 10. Qb3 c5 11. cxd5 exd4 12. Rae1 dxe3 13. fxe3 c4 14. Bxc4
Nc5 15. Qa3 Nxd5 16. Nb3 b6 17. Nfd4 Bb7 18. e4 Nf6 19. Nf5 Qe5 20. Nxc5 Qxc5+
21. Qxc5 bxc5 22. e5 Rd2 23. Rf2 Rxf2 24. Kxf2 Ne4+ 25. Ke3 Rd8 26. Rc1 Ng5 27.
Nd6 Bc6 28. h4 Ne6 29. Bxe6 fxe6 30. Rxc5 Bxg2 31. Rc7 Ra8 32. b4 h6 33. b5 Kh7
34. a4 Rf8 35. Rxa7 Rf3+ 36. Ke2 Rf4 37. Ne8 Rxh4 38. Rxg7+ Kh8 39. Rxg2 Re4+
40. Kf3 Rxe5 41. Nf6 1-0

[Event "BL 9192 Buna Halle-Solingen"]
[Site "?"]
[Date "1992.??.??"]
[Round "?.8"]
[White "Becker, Mi"]
[Black "Dueball, J."]
[Result "0-1"]
[WhiteElo "2310"]
[BlackElo "2410"]
[PlyCount "104"]
[EventDate "1992.??.??"]

1. e4 c5 2. Nf3 Nc6 3. d4 cxd4 4. Nxd4 Nf6 5. Nc3 d6 6. Be2 g6 7. O-O Bg7 8.
Be3 O-O 9. f4 Qb6 10. Qd3 Ng4 11. Bxg4 Bxd4 12. Bxd4 Qxd4+ 13. Qxd4 Nxd4 14.
Bxc8 Rfxc8 15. Rf2 Rc4 16. Rd1 Rac8 17. Nd5 Nc6 18. Re2 Kf8 19. c3 e6 20. Nf6
Kg7 21. Nd7 d5 22. exd5 exd5 23. f5 d4 24. f6+ Kh6 25. cxd4 Rd8 26. Ne5 Nxe5
27. Rxe5 Rdxd4 28. Rxd4 Rxd4 29. Re7 Rd1+ 30. Kf2 Rd2+ 31. Kf3 Rxb2 32. Rxf7 g5
33. Rd7 Kg6 34. f7 Kg7 35. a4 Rb4 36. g3 a5 37. Ke3 b6 38. Rb7 Rxa4 39. Rxb6
Kxf7 40. Rb7+ Kg6 41. Rb6+ Kf5 42. Rb5+ Kg4 43. h3+ Kxg3 44. Rxg5+ Kh4 45. Rc5
Ra1 46. Kf3 a4 47. Ra5 h5 48. Kg2 Ra2+ 49. Kg1 a3 50. Kf1 Kg3 51. Rg5+ Kf4 52.
Rxh5 Rb2 0-1

[Event "BL 9192 Dortmund-Buna Halle"]
[Site "?"]
[Date "1992.??.??"]
[Round "?.1"]
[White "Malich, B."]
[Black "Dolmatov, S."]
[Result "0-1"]
[WhiteElo "2435"]
[BlackElo "2595"]
[PlyCount "98"]
[EventDate "1992.??.??"]

1. Nf3 f5 2. d4 Nf6 3. g3 g6 4. Bg2 Bg7 5. O-O O-O 6. c4 d6 7. Nc3 c6 8. b3 Qa5
9. Bd2 Qc7 10. Qc1 e5 11. dxe5 dxe5 12. Bh6 Nbd7 13. Bxg7 Kxg7 14. e4 f4 15.
Qa3 Re8 16. Rfd1 Nf8 17. Qd6 Qxd6 18. Rxd6 Bg4 19. Ne1 Rad8 20. Rxd8 Rxd8 21.
f3 Be6 22. gxf4 exf4 23. Rd1 Rxd1 24. Nxd1 N6d7 25. Nd3 g5 26. h4 h6 27. hxg5
hxg5 28. N1f2 Ng6 29. Bh3 Bxh3 30. Nxh3 Kh6 31. Kf2 Kh5 32. Ng1 Nge5 33. Nxe5
Nxe5 34. Ne2 c5 35. Nc3 g4 36. Nd5 g3+ 37. Ke2 Kg5 38. Nc7 Nd3 39. Kf1 Kh4 40.
Ne6 Kh3 41. Kg1 g2 42. e5 Kg3 43. Ng5 Nxe5 44. Ne4+ Kxf3 45. Nxc5 b6 46. Ne6
Kg3 47. Ng5 Nf3+ 48. Nxf3 Kxf3 49. b4 Kg3 0-1

[Event "BL 9192 Dortmund-Buna Halle"]
[Site "?"]
[Date "1992.??.??"]
[Round "?.2"]
[White "Smagin, S."]
[Black "Lechtinsky, J."]
[Result "1-0"]
[WhiteElo "2550"]
[BlackElo "2410"]
[PlyCount "64"]
[EventDate "1992.??.??"]

1. e4 c5 2. Nf3 d6 3. d4 cxd4 4. Nxd4 Nf6 5. Nc3 g6 6. Be3 Bg7 7. f3 Nc6 8. Qd2
O-O 9. O-O-O Nxd4 10. Bxd4 Be6 11. Kb1 Qc7 12. g4 Rfc8 13. h4 Qa5 14. a3 Rab8
15. Ne2 Qxd2 16. Rxd2 a6 17. Nf4 Nd7 18. Bxg7 Kxg7 19. Bh3 Rc5 20. g5 Bxh3 21.
Rxh3 Rh8 22. b4 Re5 23. Nd3 Re6 24. h5 h6 25. Nf4 Re5 26. gxh6+ Rxh6 27. Ng2
Nf8 28. hxg6 fxg6 29. Rg3 Kf7 30. Kb2 a5 31. Kb3 axb4 32. axb4 b5 {.../57/} 1-0